| 000 | 00845nam a2200217 a 4500 | ||
|---|---|---|---|
| 003 | 0 | ||
| 005 | 20250523155310.0 | ||
| 008 | 021127s19uu xx 00 eng d | ||
| 050 |
_aPGS HV 4990 _b.G993 2001 |
||
| 100 | _aGuzman, Angela Marie Nicole S. | ||
| 245 |
_aA Survey on Third Year and Fourth Year students of Southville International School on why they smoke. _cAngela Marie Nicole S. Guzman. |
||
| 260 |
_aLas PiƱas City, Philippines : _bSouthville International School and Colleges, _c2001. |
||
| 300 |
_a20 pages : _bcolored illustrations ; _c28 cm. |
||
| 504 | _aIncludes bibliographical references. | ||
| 650 |
_aSmoking _vSocial aspects. |
||
| 650 |
_aSmoking _vPsychological aspects. |
||
| 650 |
_aAdolescents _vDrug use. |
||
| 650 |
_a Youth _vHealth behavior. |
||
| 650 |
_aTobacco use _vPrevention. |
||
| 942 |
_2lcc _cPASS |
||
| 999 |
_c96516 _d96516 |
||